000
00221nam a22000857a 4500
008
161202b xxu||||| |||| 00| 0 eng d
100
_9
1750
_a
Dass.H.k.etal
245
_a
Mathematics Term-II-X
260
_a
NEW DELHI
_b
S.CHAND
_c
2011
999
_c
4458
_d
4458